[Event "ureki2015"]
[Site "?"]
[Date "2015.10.10"]
[Round "6.14"]
[White "Paichadze, Luka"]
[Black "Jojua, Davit"]
[Result "0-1"]
[LiveChessVersion "1.3.1"]
[BlackElo "2580"]
[WhiteElo "2568"]

1. e4 {[%clk 1:30:57]} c6 {[%clk 1:30:52]} 2. d4 {[%clk 1:31:19]} d5
{[%clk 1:31:18]} 3. e5 {[%clk 1:31:46]} c5 {[%clk 1:30:59]} 4. dxc5
{[%clk 1:32:11]} Nc6 {[%clk 1:31:25]} 5. Bb5 {[%clk 1:30:51]} e6 {[%clk 1:30:45]}
6. Be3 {[%clk 1:30:46]} Nge7 {[%clk 1:30:48]} 7. c3 {[%clk 1:30:30]} Bd7
{[%clk 1:30:32]} 8. Bxc6 {[%clk 1:26:46]} Bxc6 {[%clk 1:29:54]} 9. Bd4
{[%clk 1:26:54]} Nf5 {[%clk 1:28:48]} 10. Ne2 {[%clk 1:25:04]} a5
{[%clk 1:26:31]} 11. O-O {[%clk 1:22:14]} Nxd4 {[%clk 1:20:47]} 12. Qxd4
{[%clk 1:18:19]} a4 {[%clk 1:10:21]} 13. Nd2 {[%clk 1:17:07]} Qa5
{[%clk 1:03:50]} 14. b4 {[%clk 1:07:22]} axb3 {[%clk 1:04:09]} 15. axb3
{[%clk 1:07:25]} Qxa1 {[%clk 1:04:29]} 16. Rxa1 {[%clk 1:07:51]} Rxa1+
{[%clk 1:04:54]} 17. Nf1 {[%clk 1:08:18]} Be7 {[%clk 0:52:52]} 18. c4
{[%clk 1:08:01]} Ra8 {[%clk 0:51:03]} 19. cxd5 {[%clk 1:06:53]} Bxd5
{[%clk 0:50:07]} 20. Nf4 {[%clk 1:05:48]} Bc6 {[%clk 0:38:26]} 21. Nh5
{[%clk 1:06:03]} O-O {[%clk 0:37:13]} 22. h4 {[%clk 0:38:28]} Rfd8
{[%clk 0:28:23]} 23. Qg4 {[%clk 0:38:42]} Bf8 {[%clk 0:23:40]} 24. Ne3
{[%clk 0:39:03]} Ra1+ {[%clk 0:16:07]} 25. Kh2 {[%clk 0:39:28]} Ra2
{[%clk 0:15:36]} 26. Qf4 {[%clk 0:26:34]} Rad2 {[%clk 0:12:04]} 27. Ng4
{[%clk 0:24:56]} R2d4 {[%clk 0:09:50]} 28. Qg3 {[%clk 0:13:35]} Kh8
{[%clk 0:09:49]} 29. f3 {[%clk 0:13:10]} R8d5 {[%clk 0:05:59]} 30. b4
{[%clk 0:08:59]} Rxb4 {[%clk 0:03:52]} 31. Nhf6 {[%clk 0:05:06]} gxf6
{[%clk 0:03:29]} 32. exf6 {[%clk 0:05:32]} Rxg4 {[%clk 0:01:51]} 33. Qxg4
{[%clk 0:04:03]} Rxc5 {[%clk 0:01:01]} 34. Qf4 {[%clk 0:03:34]} e5
{[%clk 0:01:19]} 35. Qf5 {[%clk 0:04:00]} Be8 {[%clk 0:00:53]} 36. Qe4
{[%clk 0:04:06]} Bc6 {[%clk 0:01:01]} 37. Qf5 {[%clk 0:04:25]} Be8
{[%clk 0:00:37]} 38. Qe4 {[%clk 0:04:51]} Rc6 {[%clk 0:00:47]} 39. f4
{[%clk 0:05:05]} Re6 {[%clk 0:00:41]} 40. f5 {[%clk 0:33:27]} Rc6
{[%clk 0:30:38]} 41. Qa4 {[%clk 0:22:39]} Rc8 {[%clk 0:26:57]} 42. Qb3
{[%clk 0:20:25]} b5 {[%clk 0:25:36]} 43. Qd5 {[%clk 0:20:21]} Kg8
{[%clk 0:21:03]} 44. g4 {[%clk 0:16:37]} e4 {[%clk 0:15:09]} 45. g5
{[%clk 0:14:38]} e3 {[%clk 0:10:49]} 46. Qe5 {[%clk 0:14:57]} Rc2+
{[%clk 0:08:20]} 47. Kg3 {[%clk 0:13:40]} Bc6 {[%clk 0:08:28]} 48. g6
{[%clk 0:07:19]} hxg6 {[%clk 0:07:44]} 49. fxg6 {[%clk 0:07:30]} Rg2+
{[%clk 0:06:44]} 50. Kh3 {[%clk 0:07:57]} Rxg6 {[%clk 0:07:05]} 51. h5
{[%clk 0:08:18]} Bd7+ {[%clk 0:06:30]} 52. Kh2 {[%clk 0:08:36]} Rg4
{[%clk 0:06:52]} 53. h6 {[%clk 0:07:53]} Bxh6 {[%clk 0:06:19]} 0-1

[Event "ureki2015"]
[Site "?"]
[Date "2015.10.10"]
[Round "6.15"]
[White "Maghalashvili, Davit"]
[Black "Mgeladze, Tamaz"]
[Result "1-0"]
[LiveChessVersion "1.3.1"]
[BlackElo "2339"]
[WhiteElo "2504"]

1. d4 {[%clk 1:30:56]} Nf6 {[%clk 1:30:56]} 2. c4 {[%clk 1:31:20]} g6
{[%clk 1:31:20]} 3. Nf3 {[%clk 1:31:41]} Bg7 {[%clk 1:31:46]} 4. g3
{[%clk 1:32:04]} O-O {[%clk 1:32:06]} 5. Bg2 {[%clk 1:32:30]} Nc6
{[%clk 1:32:31]} 6. O-O {[%clk 1:32:31]} Rb8 {[%clk 1:32:58]} 7. Nc3
{[%clk 1:31:49]} d6 {[%clk 1:30:50]} 8. Bf4 {[%clk 1:31:37]} a6 {[%clk 1:28:59]}
9. Rc1 {[%clk 1:31:52]} b5 {[%clk 1:24:43]} 10. Nd5 {[%clk 1:31:31]} Bd7
{[%clk 1:16:18]} 11. Nxf6+ {[%clk 1:25:29]} Bxf6 {[%clk 1:12:16]} 12. Qd2
{[%clk 1:05:55]} e6 {[%clk 1:04:02]} 13. Rfd1 {[%clk 0:58:06]} Re8
{[%clk 0:59:31]} 14. d5 {[%clk 0:49:01]} Ne7 {[%clk 0:54:33]} 15. dxe6
{[%clk 0:46:35]} Bxe6 {[%clk 0:54:39]} 16. c5 {[%clk 0:46:56]} Bxa2
{[%clk 0:43:04]} 17. cxd6 {[%clk 0:45:31]} cxd6 {[%clk 0:42:55]} 18. Qxd6
{[%clk 0:43:03]} Qxd6 {[%clk 0:37:27]} 19. Rxd6 {[%clk 0:41:28]} Be6
{[%clk 0:35:56]} 20. Rxa6 {[%clk 0:40:53]} Rbc8 {[%clk 0:34:16]} 21. Rxc8
{[%clk 0:41:15]} Rxc8 {[%clk 0:34:33]} 22. Ng5 {[%clk 0:40:28]} Bxg5
{[%clk 0:27:00]} 23. Bxg5 {[%clk 0:40:53]} h6 {[%clk 0:27:25]} 24. Rxe6
{[%clk 0:33:38]} fxe6 {[%clk 0:24:27]} 25. Bxe7 {[%clk 0:32:23]} Kf7
{[%clk 0:24:38]} 26. Bd6 {[%clk 0:32:11]} Rc2 {[%clk 0:24:57]} 27. b4
{[%clk 0:32:14]} Rxe2 {[%clk 0:25:09]} 28. Bf1 {[%clk 0:32:32]} 1-0

[Event "ureki2015"]
[Site "?"]
[Date "2015.10.10"]
[Round "6.16"]
[White "Khurtsidze, Nino"]
[Black "Mikadze, Miranda"]
[Result "1-0"]
[LiveChessVersion "1.3.1"]
[BlackElo "2245"]
[WhiteElo "2426"]

1. d4 {[%clk 1:29:05]} d5 {[%clk 1:30:56]} 2. c4 {[%clk 1:29:22]} c6
{[%clk 1:31:23]} 3. Nf3 {[%clk 1:29:41]} Nf6 {[%clk 1:31:49]} 4. e3
{[%clk 1:30:06]} Bf5 {[%clk 1:32:04]} 5. Nc3 {[%clk 1:30:32]} e6 {[%clk 1:32:27]}
6. Nh4 {[%clk 1:29:57]} Be4 {[%clk 1:32:49]} 7. f3 {[%clk 1:30:06]} Bg6
{[%clk 1:32:52]} 8. Qb3 {[%clk 1:30:01]} Qb6 {[%clk 1:33:15]} 9. Nxg6
{[%clk 1:30:08]} hxg6 {[%clk 1:33:40]} 10. Bd2 {[%clk 1:28:22]} Nbd7
{[%clk 1:33:09]} 11. Qc2 {[%clk 1:27:51]} Qc7 {[%clk 1:31:15]} 12. O-O-O
{[%clk 1:26:12]} dxc4 {[%clk 1:27:02]} 13. Bxc4 {[%clk 1:16:04]} Rxh2
{[%clk 1:25:55]} 14. Bxe6 {[%clk 1:05:43]} fxe6 {[%clk 1:21:07]} 15. Qxg6+
{[%clk 1:05:40]} Kd8 {[%clk 1:15:59]} 16. e4 {[%clk 0:56:55]} Rxh1
{[%clk 1:13:29]} 17. Rxh1 {[%clk 0:57:20]} Qa5 {[%clk 1:12:40]} 18. Rh8
{[%clk 0:55:59]} e5 {[%clk 1:11:03]} 19. Qxg7 {[%clk 0:51:28]} exd4
{[%clk 1:04:11]} 20. Rxf8+ {[%clk 0:45:15]} Nxf8 {[%clk 1:04:38]} 21. Qxf8+
{[%clk 0:45:24]} Ne8 {[%clk 1:05:02]} 22. Nd5 {[%clk 0:45:34]} 1-0

[Event "ureki2015"]
[Site "?"]
[Date "2015.10.10"]
[Round "6.17"]
[White "Sibashvili, Giorgi"]
[Black "Bortnyk, Olexandr"]
[Result "1-0"]
[LiveChessVersion "1.3.1"]
[BlackElo "2557"]
[WhiteElo "2367"]

1. d4 {[%clk 1:30:57]} d6 {[%clk 1:30:43]} 2. Nf3 {[%clk 1:30:58]} g6
{[%clk 1:31:08]} 3. c4 {[%clk 1:31:21]} f5 {[%clk 1:30:38]} 4. Nc3
{[%clk 1:30:40]} Nf6 {[%clk 1:31:02]} 5. g3 {[%clk 1:31:06]} Bg7 {[%clk 1:31:27]}
6. Bg2 {[%clk 1:31:32]} O-O {[%clk 1:31:48]} 7. O-O {[%clk 1:31:58]} c6
{[%clk 1:32:05]} 8. Re1 {[%clk 1:30:24]} Qc7 {[%clk 1:25:30]} 9. e4
{[%clk 1:28:34]} fxe4 {[%clk 1:24:13]} 10. Nxe4 {[%clk 1:28:56]} Nxe4
{[%clk 1:23:18]} 11. Rxe4 {[%clk 1:29:20]} Bf5 {[%clk 1:23:28]} 12. Re1
{[%clk 1:28:15]} e5 {[%clk 1:22:28]} 13. dxe5 {[%clk 1:24:15]} dxe5
{[%clk 1:21:30]} 14. Ng5 {[%clk 1:17:32]} Na6 {[%clk 1:18:15]} 15. Be3
{[%clk 1:15:43]} Rad8 {[%clk 1:07:13]} 16. Qa4 {[%clk 1:14:55]} Qe7
{[%clk 1:05:47]} 17. Ne4 {[%clk 1:11:59]} Qb4 {[%clk 1:05:08]} 18. Qc2
{[%clk 1:04:24]} Nc7 {[%clk 1:02:19]} 19. Qb3 {[%clk 0:51:05]} Qxb3
{[%clk 0:56:38]} 20. axb3 {[%clk 0:51:19]} Bxe4 {[%clk 0:55:55]} 21. Bxe4
{[%clk 0:51:41]} a6 {[%clk 0:56:16]} 22. Bb6 {[%clk 0:52:07]} Rd7
{[%clk 0:56:08]} 23. Rad1 {[%clk 0:51:48]} Rfd8 {[%clk 0:56:32]} 24. Bf3
{[%clk 0:52:07]} Bf6 {[%clk 0:48:55]} 25. Rxd7 {[%clk 0:50:35]} Rxd7
{[%clk 0:48:39]} 26. Bg4 {[%clk 0:51:00]} Re7 {[%clk 0:48:18]} 27. f4
{[%clk 0:44:24]} h5 {[%clk 0:36:28]} 28. Bc8 {[%clk 0:42:39]} Ne6
{[%clk 0:33:21]} 29. fxe5 {[%clk 0:41:31]} Bg7 {[%clk 0:24:05]} 30. Kg2
{[%clk 0:16:08]} Re8 {[%clk 0:18:12]} 31. Bxe6+ {[%clk 0:15:05]} Rxe6
{[%clk 0:18:31]} 32. Bc7 {[%clk 0:15:33]} Kf7 {[%clk 0:18:38]} 33. Kf3
{[%clk 0:15:38]} Re8 {[%clk 0:18:52]} 34. Kf4 {[%clk 0:11:55]} Bh6+
{[%clk 0:18:13]} 35. Ke4 {[%clk 0:12:21]} Ke6 {[%clk 0:18:40]} 36. Rd1
{[%clk 0:08:25]} Bf8 {[%clk 0:18:56]} 37. Bd8 {[%clk 0:06:44]} Bc5
{[%clk 0:17:15]} 38. Bf6 {[%clk 0:07:03]} Bf8 {[%clk 0:11:49]} 39. g4
{[%clk 0:05:20]} hxg4 {[%clk 0:11:19]} 40. Rg1 {[%clk 0:35:41]} Kf7
{[%clk 0:36:33]} 41. Rxg4 {[%clk 0:35:35]} b5 {[%clk 0:36:15]} 42. cxb5
{[%clk 0:31:14]} cxb5 {[%clk 0:34:07]} 43. Rh4 {[%clk 0:28:10]} Rc8
{[%clk 0:34:23]} 44. Rh7+ {[%clk 0:26:12]} Ke6 {[%clk 0:32:43]} 45. Rh8
{[%clk 0:16:27]} Kf7 {[%clk 0:32:56]} 46. Bg5 {[%clk 0:16:27]} Rc5
{[%clk 0:17:04]} 47. Be3 {[%clk 0:07:53]} Bg7 {[%clk 0:01:15]} 48. Bxc5
{[%clk 0:07:56]} Bxh8 {[%clk 0:01:33]} 49. Kd5 {[%clk 0:08:05]} Bg7
{[%clk 0:01:59]} 50. e6+ {[%clk 0:07:39]} Ke8 {[%clk 0:02:25]} 51. Kc6
{[%clk 0:07:38]} g5 {[%clk 0:02:41]} 52. h3 {[%clk 0:07:57]} Bxb2
{[%clk 0:02:18]} 53. Kb6 {[%clk 0:08:21]} 1-0

[Event "ureki2015"]
[Site "?"]
[Date "2015.10.10"]
[Round "6.18"]
[White "Ziaziulkina, Nastassia"]
[Black "Kuchava, Ana"]
[Result "1-0"]
[LiveChessVersion "1.3.1"]
[BlackElo "2095"]
[WhiteElo "2402"]

1. e4 {[%clk 1:30:56]} c5 {[%clk 1:30:54]} 2. Nf3 {[%clk 1:31:21]} d6
{[%clk 1:31:16]} 3. d4 {[%clk 1:31:44]} cxd4 {[%clk 1:31:41]} 4. Nxd4
{[%clk 1:32:11]} Nf6 {[%clk 1:32:06]} 5. Nc3 {[%clk 1:32:36]} Nc6
{[%clk 1:32:33]} 6. Bg5 {[%clk 1:32:47]} e6 {[%clk 1:32:50]} 7. Qd2
{[%clk 1:32:56]} Qb6 {[%clk 1:33:07]} 8. Bxf6 {[%clk 1:25:27]} gxf6
{[%clk 1:33:30]} 9. Nb3 {[%clk 1:25:53]} Bd7 {[%clk 1:33:14]} 10. Be2
{[%clk 1:24:12]} h5 {[%clk 1:33:00]} 11. O-O {[%clk 1:15:41]} a6 {[%clk 1:19:56]}
12. a4 {[%clk 1:13:28]} O-O-O {[%clk 1:13:52]} 13. Nb5 {[%clk 0:39:27]} axb5
{[%clk 1:06:39]} 14. axb5 {[%clk 0:39:21]} Kb8 {[%clk 0:58:27]} 15. Ra4
{[%clk 0:18:24]} Ne5 {[%clk 0:51:16]} 16. Rfa1 {[%clk 0:18:07]} Bxb5
{[%clk 0:42:37]} 17. Bxb5 {[%clk 0:16:37]} Qxb5 {[%clk 0:33:16]} 18. Qc3
{[%clk 0:16:32]} Nc6 {[%clk 0:18:15]} 19. Ra8+ {[%clk 0:16:29]} Kc7
{[%clk 0:18:40]} 20. Rxd8 {[%clk 0:16:56]} Qe5 {[%clk 0:15:34]} 21. Raa8
{[%clk 0:14:14]} Qxc3 {[%clk 0:11:28]} 22. Rdc8+ {[%clk 0:14:28]} Kd7
{[%clk 0:11:10]} 23. bxc3 {[%clk 0:14:46]} 1-0

[Event "ureki2015"]
[Site "?"]
[Date "2015.10.10"]
[Round "6.19"]
[White "Bernadskiy, Vitaliy"]
[Black "Mchedlishvili, Mikheil"]
[Result "0-1"]
[LiveChessVersion "1.3.1"]
[BlackElo "2607"]
[WhiteElo "2544"]

1. e4 {[%clk 1:30:56]} c5 {[%clk 1:30:38]} 2. Nf3 {[%clk 1:31:23]} d6
{[%clk 1:30:45]} 3. Bb5+ {[%clk 1:31:48]} Nd7 {[%clk 1:30:13]} 4. d4
{[%clk 1:29:35]} cxd4 {[%clk 1:29:45]} 5. Qxd4 {[%clk 1:30:01]} a6
{[%clk 1:29:42]} 6. Bxd7+ {[%clk 1:29:39]} Bxd7 {[%clk 1:30:04]} 7. Nc3
{[%clk 1:27:28]} Rc8 {[%clk 1:27:30]} 8. Bg5 {[%clk 1:20:36]} h6 {[%clk 1:26:52]}
9. Bh4 {[%clk 1:20:40]} e5 {[%clk 1:25:53]} 10. Qd3 {[%clk 1:19:20]} g5
{[%clk 1:24:35]} 11. Bg3 {[%clk 1:18:53]} Nf6 {[%clk 1:23:37]} 12. a4
{[%clk 1:17:47]} Qb6 {[%clk 1:16:13]} 13. Rb1 {[%clk 1:00:33]} Rxc3
{[%clk 1:06:53]} 14. Qxc3 {[%clk 1:00:50]} Nxe4 {[%clk 1:07:12]} 15. Qc4
{[%clk 0:53:55]} Qc6 {[%clk 1:02:28]} 16. Qe2 {[%clk 0:38:32]} f5
{[%clk 1:01:16]} 17. O-O {[%clk 0:33:56]} f4 {[%clk 0:57:19]} 18. Rbe1
{[%clk 0:30:31]} Nf6 {[%clk 0:54:21]} 19. Kh1 {[%clk 0:22:37]} Be7
{[%clk 0:42:45]} 20. Nxe5 {[%clk 0:19:26]} dxe5 {[%clk 0:42:34]} 21. Qxe5
{[%clk 0:18:52]} Rh7 {[%clk 0:42:32]} 22. Bxf4 {[%clk 0:17:18]} gxf4
{[%clk 0:42:26]} 23. Qxf4 {[%clk 0:17:45]} Rg7 {[%clk 0:40:57]} 24. Rg1
{[%clk 0:13:35]} Kf7 {[%clk 0:40:30]} 25. Qe3 {[%clk 0:09:51]} Bc5
{[%clk 0:39:24]} 26. Qxh6 {[%clk 0:07:05]} Rh7 {[%clk 0:37:09]} 27. Qd2
{[%clk 0:07:18]} Bd6 {[%clk 0:35:46]} 28. f4 {[%clk 0:07:35]} Ng4
{[%clk 0:35:59]} 0-1

[Event "ureki2015"]
[Site "?"]
[Date "2015.10.10"]
[Round "6.20"]
[White "Gagunashvili, Merab"]
[Black "Sivuk, Vitaly"]
[Result "0-1"]
[LiveChessVersion "1.3.1"]
[BlackElo "2490"]
[WhiteElo "2553"]

1. d4 {[%clk 1:30:52]} Nf6 {[%clk 1:30:45]} 2. c4 {[%clk 1:31:18]} e6
{[%clk 1:31:04]} 3. Nc3 {[%clk 1:31:42]} Bb4 {[%clk 1:31:22]} 4. Qc2
{[%clk 1:32:08]} c5 {[%clk 1:31:36]} 5. dxc5 {[%clk 1:32:34]} O-O
{[%clk 1:31:53]} 6. a3 {[%clk 1:33:02]} Bxc5 {[%clk 1:32:13]} 7. Nf3
{[%clk 1:33:27]} b6 {[%clk 1:32:29]} 8. Bf4 {[%clk 1:33:52]} Bb7 {[%clk 1:32:43]}
9. Rd1 {[%clk 1:34:14]} Nh5 {[%clk 1:33:02]} 10. Ng5 {[%clk 1:33:59]} g6
{[%clk 1:33:17]} 11. Bc1 {[%clk 1:34:24]} Be7 {[%clk 1:33:25]} 12. Nf3
{[%clk 1:34:26]} a6 {[%clk 1:32:31]} 13. Bh6 {[%clk 1:32:41]} Re8
{[%clk 1:32:16]} 14. e4 {[%clk 1:33:02]} Qc7 {[%clk 1:29:55]} 15. Be2
{[%clk 1:21:09]} Nf4 {[%clk 1:26:24]} 16. O-O {[%clk 1:20:46]} Nxe2+
{[%clk 1:24:36]} 17. Nxe2 {[%clk 1:17:28]} d6 {[%clk 1:23:48]} 18. Qc3
{[%clk 1:12:20]} e5 {[%clk 1:22:12]} 19. Qd3 {[%clk 1:11:21]} Rc8
{[%clk 1:13:28]} 20. Nd2 {[%clk 1:09:52]} Nd7 {[%clk 1:09:23]} 21. Nc3
{[%clk 1:10:02]} Nf6 {[%clk 1:08:44]} 22. h3 {[%clk 1:06:22]} Bc6
{[%clk 0:54:23]} 23. Rc1 {[%clk 0:57:52]} Qb7 {[%clk 0:54:28]} 24. a4
{[%clk 0:56:52]} Rab8 {[%clk 0:51:51]} 25. b4 {[%clk 0:56:14]} Qd7
{[%clk 0:41:23]} 26. b5 {[%clk 0:54:24]} Bb7 {[%clk 0:41:38]} 27. Rfd1
{[%clk 0:51:07]} Qd8 {[%clk 0:28:10]} 28. Bg5 {[%clk 0:35:55]} Nh5
{[%clk 0:24:26]} 29. Be3 {[%clk 0:36:11]} Nf4 {[%clk 0:18:08]} 30. Bxf4
{[%clk 0:35:47]} exf4 {[%clk 0:18:37]} 31. Nd5 {[%clk 0:34:28]} Bg5
{[%clk 0:15:52]} 32. Nf3 {[%clk 0:31:54]} axb5 {[%clk 0:13:12]} 33. axb5
{[%clk 0:29:56]} Bh6 {[%clk 0:13:24]} 34. Qd4 {[%clk 0:26:53]} Bxd5
{[%clk 0:10:53]} 35. Qxd5 {[%clk 0:25:55]} Bf8 {[%clk 0:10:54]} 36. e5
{[%clk 0:21:10]} dxe5 {[%clk 0:10:50]} 37. Nxe5 {[%clk 0:21:08]} Qxd5
{[%clk 0:10:28]} 38. Rxd5 {[%clk 0:21:18]} Rb7 {[%clk 0:08:38]} 39. Nc6
{[%clk 0:18:10]} Re8 {[%clk 0:06:42]} 40. Rcd1 {[%clk 0:47:21]} Kg7
{[%clk 0:36:33]} 41. R1d4 {[%clk 0:44:23]} Re1+ {[%clk 0:34:12]} 42. Kh2
{[%clk 0:44:46]} f3 {[%clk 0:34:06]} 43. gxf3 {[%clk 0:26:13]} Rc1
{[%clk 0:30:05]} 44. Ne5 {[%clk 0:23:38]} Bc5 {[%clk 0:26:38]} 45. Rd1
{[%clk 0:19:50]} Rxd1 {[%clk 0:13:30]} 46. Rxd1 {[%clk 0:20:16]} Re7
{[%clk 0:13:33]} 47. Nd3 {[%clk 0:17:56]} Rd7 {[%clk 0:13:00]} 48. Kg3
{[%clk 0:17:29]} Kf6 {[%clk 0:12:14]} 49. f4 {[%clk 0:08:20]} Kf5
{[%clk 0:11:25]} 50. f3 {[%clk 0:08:14]} Be3 {[%clk 0:10:37]} 51. Nb2
{[%clk 0:05:04]} Bxf4+ {[%clk 0:10:01]} 52. Kf2 {[%clk 0:05:31]} Ra7
{[%clk 0:07:23]} 53. Rd5+ {[%clk 0:04:46]} Ke6 {[%clk 0:07:39]} 54. Nd3
{[%clk 0:04:57]} Ra2+ {[%clk 0:07:56]} 55. Kf1 {[%clk 0:05:21]} Bd6
{[%clk 0:07:55]} 56. Rd4 {[%clk 0:02:51]} f5 {[%clk 0:07:47]} 57. c5
{[%clk 0:00:34]} bxc5 {[%clk 0:07:26]} 58. Rc4 {[%clk 0:01:01]} Kd5
{[%clk 0:06:53]} 59. Rc1 {[%clk 0:01:27]} c4 {[%clk 0:06:54]} 60. Ne1
{[%clk 0:01:55]} Bc5 {[%clk 0:05:34]} 61. Rd1+ {[%clk 0:02:18]} Ke5 0-1

[Event "ureki2015"]
[Site "?"]
[Date "2015.10.10"]
[Round "6.21"]
[White "Popov, Valerij"]
[Black "Sanikidze, Tornike"]
[Result "1-0"]
[LiveChessVersion "1.3.1"]
[BlackElo "2527"]
[WhiteElo "2525"]

1. c4 {[%clk 1:30:57]} e6 {[%clk 1:30:44]} 2. Nf3 {[%clk 1:31:09]} d5
{[%clk 1:30:54]} 3. d4 {[%clk 1:31:06]} Nf6 {[%clk 1:31:19]} 4. e3
{[%clk 1:30:59]} b6 {[%clk 1:31:43]} 5. Nc3 {[%clk 1:27:55]} Bb7 {[%clk 1:32:04]}
6. Bd3 {[%clk 1:23:14]} Bd6 {[%clk 1:28:03]} 7. O-O {[%clk 1:13:39]} Nbd7
{[%clk 1:26:54]} 8. Qe2 {[%clk 1:06:54]} O-O {[%clk 1:25:52]} 9. cxd5
{[%clk 1:07:09]} exd5 {[%clk 1:26:09]} 10. Ba6 {[%clk 1:07:15]} Bxa6
{[%clk 1:24:59]} 11. Qxa6 {[%clk 1:07:43]} c6 {[%clk 1:24:17]} 12. Bd2
{[%clk 0:59:00]} Re8 {[%clk 1:23:48]} 13. Rfc1 {[%clk 0:50:10]} Re6
{[%clk 1:23:34]} 14. Rc2 {[%clk 0:44:15]} Rc8 {[%clk 1:14:43]} 15. Rac1
{[%clk 0:43:31]} Rc7 {[%clk 1:13:55]} 16. Ne2 {[%clk 0:42:04]} Ne4
{[%clk 1:11:39]} 17. Qa4 {[%clk 0:36:23]} g5 {[%clk 1:00:51]} 18. Bb4
{[%clk 0:19:49]} c5 {[%clk 0:55:34]} 19. dxc5 {[%clk 0:20:13]} bxc5
{[%clk 0:55:50]} 20. Ba5 {[%clk 0:18:21]} g4 {[%clk 0:38:25]} 21. Bxc7
{[%clk 0:17:46]} Bxc7 {[%clk 0:38:43]} 22. Ned4 {[%clk 0:13:54]} Rg6
{[%clk 0:00:41]} 23. Ne1 {[%clk 0:11:08]} Nb6 {[%clk 0:01:01]} 24. Qxa7
{[%clk 0:10:42]} Nc4 {[%clk 0:00:33]} 25. Nf5 {[%clk 0:10:05]} Rf6
{[%clk 0:00:41]} 26. Ng3 {[%clk 0:09:08]} Ned2 {[%clk 0:00:36]} 27. b3
{[%clk 0:08:26]} Bb8 {[%clk 0:00:43]} 28. Qxc5 {[%clk 0:08:29]} Bxg3
{[%clk 0:00:35]} 29. hxg3 {[%clk 0:07:54]} Rxf2 {[%clk 0:00:52]} 30. Rxd2
{[%clk 0:06:25]} Nxd2 {[%clk 0:00:36]} 31. Nd3 {[%clk 0:06:42]} Re2
{[%clk 0:00:38]} 32. Nf4 {[%clk 0:06:32]} Rf2 {[%clk 0:01:07]} 33. Nh5
{[%clk 0:05:34]} h6 {[%clk 0:01:22]} 34. Qd4 {[%clk 0:05:48]} 1-0

[Event "ureki2015"]
[Site "?"]
[Date "2015.10.10"]
[Round "6.22"]
[White "Tsatsalashvili, Keti"]
[Black "Lomineishvili, Maia"]
[Result "1/2-1/2"]
[LiveChessVersion "1.3.1"]
[BlackElo "2369"]
[WhiteElo "2266"]

1. d4 {[%clk 1:30:57]} Nf6 {[%clk 1:30:43]} 2. Nf3 {[%clk 1:31:12]} e6
{[%clk 1:30:42]} 3. g3 {[%clk 1:30:40]} c5 {[%clk 1:30:50]} 4. Bg2
{[%clk 1:30:25]} d5 {[%clk 1:29:36]} 5. c4 {[%clk 1:25:49]} cxd4 {[%clk 1:29:29]}
6. cxd5 {[%clk 1:25:51]} Qa5+ {[%clk 1:28:39]} 7. Nbd2 {[%clk 1:24:22]} Qxd5
{[%clk 1:26:36]} 8. O-O {[%clk 1:24:42]} e5 {[%clk 1:25:32]} 9. Qc2
{[%clk 1:18:44]} Nbd7 {[%clk 1:19:37]} 10. Ng5 {[%clk 1:13:28]} Qc5
{[%clk 1:18:11]} 11. Qb3 {[%clk 1:13:05]} Qe7 {[%clk 1:18:29]} 12. Nc4
{[%clk 1:07:24]} Nc5 {[%clk 1:17:28]} 13. Qc2 {[%clk 0:59:07]} g6
{[%clk 0:59:26]} 14. b4 {[%clk 0:55:18]} Bf5 {[%clk 0:56:23]} 15. Qd1
{[%clk 0:53:05]} Nce4 {[%clk 0:52:13]} 16. Qa4+ {[%clk 0:42:37]} Bd7
{[%clk 0:51:45]} 17. Qb3 {[%clk 0:42:06]} Nxg5 {[%clk 0:50:25]} 18. Bxg5
{[%clk 0:42:24]} Bg7 {[%clk 0:35:20]} 19. Bxb7 {[%clk 0:29:14]} Rb8
{[%clk 0:35:20]} 20. Na5 {[%clk 0:26:48]} O-O {[%clk 0:34:11]} 21. a3
{[%clk 0:25:46]} h6 {[%clk 0:18:47]} 22. Bxf6 {[%clk 0:24:15]} Qxf6
{[%clk 0:19:07]} 23. Rac1 {[%clk 0:19:18]} Bh3 {[%clk 0:14:17]} 24. Rfe1
{[%clk 0:18:52]} Be6 {[%clk 0:13:07]} 25. Bd5 {[%clk 0:17:26]} Bxd5
{[%clk 0:12:04]} 26. Qxd5 {[%clk 0:17:51]} Rbd8 {[%clk 0:10:36]} 27. Qe4
{[%clk 0:11:21]} Rd7 {[%clk 0:09:55]} 28. Nc6 {[%clk 0:09:40]} Qe6
{[%clk 0:09:38]} 29. b5 {[%clk 0:07:26]} f5 {[%clk 0:09:26]} 30. Qb1
{[%clk 0:06:12]} e4 {[%clk 0:09:17]} 31. a4 {[%clk 0:06:26]} f4 {[%clk 0:09:20]}
32. a5 {[%clk 0:04:03]} d3 {[%clk 0:08:03]} 33. exd3 {[%clk 0:03:57]} f3
{[%clk 0:08:22]} 34. Kh1 {[%clk 0:03:30]} Qh3 {[%clk 0:08:10]} 35. Rg1
{[%clk 0:03:57]} Rxd3 {[%clk 0:05:03]} 36. Rce1 {[%clk 0:00:50]} Kh7
{[%clk 0:03:15]} 37. Rxe4 {[%clk 0:01:01]} Rd2 {[%clk 0:03:39]} 38. Rh4
{[%clk 0:00:45]} Qe6 {[%clk 0:03:56]} 39. Rf1 {[%clk 0:00:54]} Rb2
{[%clk 0:03:52]} 40. Qe4 {[%clk 0:30:39]} Qxe4 {[%clk 0:30:43]} 41. Rxe4
{[%clk 0:30:59]} Rxb5 {[%clk 0:31:10]} 42. Nxa7 {[%clk 0:28:14]} Rxa5 43. Nc6
{[%clk 0:24:44]} Ra2 {[%clk 0:25:55]} 44. h3 {[%clk 0:23:12]} Rc8
{[%clk 0:24:22]} 45. Rc4 {[%clk 0:21:33]} Rc7 {[%clk 0:19:49]} 46. Kg1
{[%clk 0:21:03]} Rd2 {[%clk 0:13:05]} 47. Rfc1 {[%clk 0:16:56]} g5
{[%clk 0:12:12]} 48. Ne5 {[%clk 0:15:48]} Rxc4 {[%clk 0:12:27]} 49. Nxc4
{[%clk 0:16:13]} Rd3 {[%clk 0:09:10]} 50. Ne3 {[%clk 0:13:05]} Bd4
{[%clk 0:08:43]} 51. Rc7+ {[%clk 0:10:47]} Kg6 {[%clk 0:08:47]} 52. Rc6+
{[%clk 0:10:29]} Kf7 {[%clk 0:08:38]} 53. Rxh6 {[%clk 0:09:47]} Bxe3
{[%clk 0:08:38]} 1/2-1/2